000 00295nam a22001337a 4500
008 170912b xxu||||| |||| 00| 0 eng d
020 _a0070144370
041 _aeng
080 _a53
100 _a43
101 _aFIZ
245 _aPHYSICS IN SCIENCE AND INDUSTRY
_cCROMER,A
942 _2udc
_cBK
999 _c27305
_d27305